00921nam a2200205Ia 4500952010200000999001700102008004100119020001500160050002100175100003100196245007600227250001800303260003200321300001800353504003300371505023800404519004400642650002200686942000700708 00102lcc4070a03b03d2001-05-15l0oHF5651 P39 1998p03 001320r2012-07-20t1w2012-07-20yLB c79112d79112120720s19971998mx 000 0 spa d a9687681233 aHF5651bP39 199810aPaz Zavala, Enriqueeautor10aIntroducción a la Contaduríab : Fundamentosc / Enrique Paz Zavala a8a. edición aMéxicob : ECAFSAc, 1998 a359 páginas aBibliografía (pp. 357-359) aLa contaduría pública Ética profesional La información financiera y principios de contabilidad Estado de situación financiera (el balance general) El estado de resultados La partida doble y la cuenta Registro de operaciones aMaterial Complementario / d(03 001320)14aCONTABILIDAD9368 cLB